<?xml version="1.0" encoding="UTF-8"?>
<record
    xmlns:xsi="http://www.w3.org/2001/XMLSchema-instance"
    xsi:schemaLocation="http://www.loc.gov/MARC21/slim http://www.loc.gov/standards/marcxml/schema/MARC21slim.xsd"
    xmlns="http://www.loc.gov/MARC21/slim">

  <leader>00540nam a22001817a 4500</leader>
  <controlfield tag="003">OSt</controlfield>
  <controlfield tag="005">20140709180008.0</controlfield>
  <controlfield tag="008">140709s2014    spc ||||      000 m cat|d</controlfield>
  <datafield tag="017" ind1=" " ind2=" ">
    <subfield code="a">B. 10357-2014</subfield>
  </datafield>
  <datafield tag="020" ind1=" " ind2=" ">
    <subfield code="a">9788466418775</subfield>
  </datafield>
  <datafield tag="040" ind1=" " ind2=" ">
    <subfield code="b">cat</subfield>
    <subfield code="c">CDMR</subfield>
  </datafield>
  <datafield tag="100" ind1="1" ind2=" ">
    <subfield code="a">Sisquella, Tatiana</subfield>
    <subfield code="9">4571</subfield>
    <subfield code="d">1978-2014</subfield>
  </datafield>
  <datafield tag="245" ind1="1" ind2="3">
    <subfield code="a">Un Dia qualsevol </subfield>
    <subfield code="c">Tatiana Sisquella ; [pr&#xF2;leg de S&#xED;lvia Soler]</subfield>
  </datafield>
  <datafield tag="260" ind1=" " ind2=" ">
    <subfield code="a">Barcelona </subfield>
    <subfield code="b">Columna</subfield>
    <subfield code="c">2014</subfield>
  </datafield>
  <datafield tag="300" ind1=" " ind2=" ">
    <subfield code="a">210 p. </subfield>
    <subfield code="c">23 cm</subfield>
  </datafield>
  <datafield tag="500" ind1=" " ind2=" ">
    <subfield code="a">Recull d'articles publicats al diari "Ara" (2010-2013)</subfield>
  </datafield>
  <datafield tag="942" ind1=" " ind2=" ">
    <subfield code="c">MON</subfield>
    <subfield code="2">udc</subfield>
  </datafield>
  <datafield tag="999" ind1=" " ind2=" ">
    <subfield code="c">6741</subfield>
    <subfield code="d">6741</subfield>
  </datafield>
  <datafield tag="952" ind1=" " ind2=" ">
    <subfield code="0">0</subfield>
    <subfield code="1">0</subfield>
    <subfield code="4">0</subfield>
    <subfield code="7">0</subfield>
    <subfield code="a">CDMR</subfield>
    <subfield code="b">CDMR</subfield>
    <subfield code="d">2014-07-08</subfield>
    <subfield code="e">Intercanvi</subfield>
    <subfield code="g">14.90</subfield>
    <subfield code="l">3</subfield>
    <subfield code="m">1</subfield>
    <subfield code="o">Du 6/88</subfield>
    <subfield code="p">CDMR1407301252</subfield>
    <subfield code="r">2014-10-29</subfield>
    <subfield code="s">2014-10-07</subfield>
    <subfield code="v">14.90</subfield>
    <subfield code="w">2014-07-08</subfield>
    <subfield code="y">MON</subfield>
  </datafield>
</record>
